000 00414nam a2200157Ia 4500
003 GCL
008 140319s9999 xx 000 0 eng d
040 _aGCL /
_cGCL
082 0 4 _a641.86
_bY G
100 1 _aYING, MILDRED
245 1 0 _aTHE GOOD HOUSEKEEPING ILLUSTRATED BOOK OF DESSERTS /
_cYING, MILDRED
260 _a[S.N] :
_bHEARST BOOK ،
_c1991
300 _a320 P
650 0 4 _aDESSERTS
942 _2ddc
_cBK
999 _c22933
_d22933